Corazón de tinieblas
Gardado en:
| Autor Principal: | |
|---|---|
| Formato: | Libro |
| Idioma: | Lingua castelá |
| Publicado: |
Madrid
Jorge A. Mestas
2002
|
| Edición: | 2a. ed |
| Series: | Clásicos Universales, 59
|
| Subjects: | |
| Tags: |
Engadir etiqueta
Sen Etiquetas, Sexa o primeiro en etiquetar este rexistro!
|
MARC
| LEADER | 00000nam a2200000 a 4500 | ||
|---|---|---|---|
| 001 | UCK2748 | ||
| 003 | CL-VaPUC | ||
| 008 | 050318e20020000SP |||||||||||||||||spa|d | ||
| 020 | |a 8489163979 | ||
| 082 | 0 | 4 | |a 823 |b CON |2 21 |
| 100 | 0 | |a Conrad, Joseph |e author |9 490717 | |
| 245 | 1 | 0 | |a Corazón de tinieblas |
| 250 | |a 2a. ed | ||
| 300 | |a 121 p | ||
| 942 | |c BK | ||
| 945 | |d 20050318 00:00:00 |a cmena | ||
| 260 | |a Madrid |b Jorge A. Mestas |c 2002 | ||
| 650 | 0 | |a Novelas inglesas |9 265220 | |
| 650 | 0 | |a Literatura inglesa |9 312907 | |
| 583 | |a last modification |c 20050318 00:00:00 |k Rodrigo Vera | ||
| 490 | 0 | |a Clásicos Universales, 59 | |
| 999 | |c 312206 |d 312204 | ||
| 952 | |0 0 |1 0 |4 0 |6 823_000000000000000_CON_2002 |7 0 |8 R |9 382121 |a BIBEDU |b BIBEDU |c MCIRC |d 2019-11-21 |i 4098633 |l 1 |o 823 CON 2002 |p 4098633 |r 2024-05-13 |s 2024-05-09 |w 2019-11-21 |y BK_R |k LIT | ||
| 952 | |0 0 |1 0 |4 0 |6 823_000000000000000_CON_2002 |7 0 |8 R |9 382122 |a BIBEDU |b BIBEDU |c MCIRC |d 2019-11-21 |i 4098641 |o 823 CON 2002 |p 4098641 |r 2023-01-13 |w 2019-11-21 |y BK_R |k LIT | ||